Loading...
Capitalism, socialism and democracy
| Main Author: | |
|---|---|
| Format: | Printed Book |
| Published: |
London, Unwin Paperbacks
1987
|
| Edition: | Ed.6 |
| Subjects: |
| LEADER | 005420000a22001930004500 | ||
|---|---|---|---|
| 020 | |a 0-04-335064-X | ||
| 082 | |a 330.122 M7 | ||
| 100 | |a Schumpeter, Joseph A | ||
| 245 | |a Capitalism, socialism and democracy | ||
| 250 | |a Ed.6 | ||
| 260 | |a London, Unwin Paperbacks | ||
| 260 | |c 1987 | ||
| 650 | |a Capitalism | ||
| 650 | |a Economics | ||
| 650 | |a History | ||
| 650 | |a Socialism | ||
| 942 | |c BK | ||
| 999 | |c 131002 |d 130998 | ||
| 952 | |0 0 |1 0 |4 0 |6 330_122000000000000_M7 |7 0 |9 129940 |a SCP |b SCP |d 2014-02-11 |l 0 |o 330.122 M7 |p SCP02910 |r 2014-02-11 |w 2014-02-11 |y BK | ||